00851nam a2200217Ia 4500008004100000020001800041040001800059041000800077245009600085260008800181300001800269490007600287504005300363650002600416650003600442650002600478650002200504650003300526700003500559700003900594130821s2008 py gr spa  a9789995388102 aCo-BoUCMbspa00aspa00aContratos internacionalescDiego P. Fernández Arroyo, Adriana Dreyzin de Klor, directores aAsunción (Paraguay)bCentro de Estudios de Derecho, Economía y Póliticac2008 a477 páginas 0aDeCITA derecho del comercio internacional, temas y actualidadesv102009 aIncluye referencias bibliográficas e índice.04aContratos comerciales04aDerecho internacional público04aDerecho internacional04aDerecho público04aObligaciones internacionales1 aDreyzin de Klor, Adrianaedir.1 aFernández Arroyo ,Diego P.edir.